| 000 | 00457nam a2200169Ia 4500 | ||
|---|---|---|---|
| 008 | 240428s9999||||xx |||||||||||||| ||und|| | ||
| 020 | _a9789988278564 | ||
| 041 | _aeng | ||
| 082 | _a027.5K | ||
| 100 | _aKedem, Kosi | ||
| 245 | 4 | _aThe National Library Concept and Library Development in Ghana | |
| 260 |
_bWoeli Pub. _c2019 |
||
| 300 | _axiii,152p.: | ||
| 650 | _aNational Library Concept- Ghana - Library Development- Ghana | ||
| 942 | _cIL | ||
| 999 |
_c25 _d25 |
||